| 000 | 00569nam a2200205Ia 4500 | ||
|---|---|---|---|
| 003 | GCL | ||
| 008 | 140319s9999 xx 000 0 ara d | ||
| 040 |
_aGCL / _cGCL |
||
| 082 | 0 | 4 |
_a811.9 _bم ش |
| 100 | 1 | _aرشيد سليم الخورى | |
| 245 | 1 | 0 |
_aالشاعر القروى / _cرشيد سليم الخورى |
| 260 |
_a[S.N] : _bجروس برس ، _c1983 |
||
| 300 | _a629 | ||
| 490 | _a | ||
| 650 | 0 | 4 | _aالشعر العربى |
| 650 | 0 | 4 | _aالشعر الحماسى |
| 650 | 0 | 4 | _aدواوين وقصائد |
| 650 | 0 | 4 | _aلبنان |
| 942 |
_2ddc _cBK |
||
| 999 |
_c54770 _d54770 |
||